LEADER 01008nam0-22003851i-450- 001 990001716480403321 005 20110930095716.0 035 $a000171648 035 $aFED01000171648 035 $a(Aleph)000171648FED01 035 $a000171648 100 $a20030910d1966----km-y0itay50------ba 101 0 $aita 102 $aIT 105 $ay-------001yy 200 1 $aAdditivi degli alimenti$fGiuseppe Cerruti 210 $aMilano$cEtas Kompass$d1966 215 $aVII, 205 p.$d24 cm 225 1 $aBiblioteca del tecnico 610 0 $aAlimenti$aAdditivi 676 $a664.06 700 1$aCerutti,$bGiuseppe$0355063 801 0$aIT$bUNINA$gRICA$2UNIMARC 901 $aBK 912 $a990001716480403321 952 $aVI C 374$bs.i.$fDMVSF 952 $a60 664.8 B 2$b44553$fFAGBC 952 $aVI D 66$b1188$fDDA 952 $a53 A 6$b7226$fDMVAP 959 $aFAGBC 959 $aDDA 959 $aDMVSF 959 $aDMVAP 996 $aAdditivi degli alimenti$9359094 997 $aUNINA LEADER 04049nam 2200649 450 001 9910424953503321 005 20230621141352.0 024 7 $a10.7765/9781526143167 035 $a(CKB)4100000011586238 035 $a(NjHacI)994100000011586238 035 $a(oapen)https://directory.doabooks.org/handle/20.500.12854/26341 035 $a(UkMaJRU)992982004619401631 035 $a(DE-B1597)660241 035 $a(DE-B1597)9781526143167 035 $a(EXLCZ)994100000011586238 100 $a20200820h20202020 uy| 0 101 0 $aeng 135 $aur||#---||||| 181 $ctxt$2rdacontent 182 $cc$2rdamedia 183 $acr$2rdacarrier 200 10$aMeasuring difference, numbering normal $esetting the standards for disability in the interwar period/$fCoreen McGuire 210 1$aManchester, UK :$cManchester University Press,$d2020. 210 4$dİ2020 215 $a1 online resource (iv, 233 pages) $cillustrations (black and white); digital file(s) 225 1 $aDisability history 311 $a1-5261-4317-8 311 $a1-5261-4316-X 320 $aIncludes bibliographical references and index. 327 $a1. Numbering normal -- 2 Measuring disability -- 3. The artificial ear and the disability data gap -- 4. The audiometer and the medicalization of hearing loss -- 5. The spirometer and the normal subjects -- 6. The respirator and the mechanization of normal breathing -- 7. Measuring ourselves -- Bibliography -- Index. 330 $aMeasuring difference, numbering normal provides a detailed study of the technological construction of disability by examining how the audiometer and spirometer were used to create numerical proxies for invisible and inarticulable experiences. Measurements, and their manipulation, have been underestimated as crucial historical forces motivating and guiding the way we think about disability. Using measurement technology as a lens, this book draws together several existing discussions on disability, healthcare, medical practice, embodiment and emerging medical and scientific technologies at the turn of the twentieth century. As such, this work connects several important and usually separate academic subject areas and historical specialisms. The standards embedded in instrumentation created strict but ultimately arbitrary thresholds of normalcy and abnormalcy. Considering these standards from a long historical perspective reveals how these dividing lines shifted when pushed. The central thesis of this book is that health measurements are given artificial authority if they are particularly amenable to calculability and easy measurement. These measurement processes were perpetuated and perfected in the interwar years in Britain as the previously invisible limits of the body were made visible and measurable. Determination to consider body processes as quantifiable was driven by the need to compensate for disability occasioned by warfare or industry. This focus thus draws attention to the biopower associated with systems, which has emerged as a central area of concern for modern healthcare in the second decade of the twenty-first century. 410 0$aDisability history. 606 $aPeople with disabilities$xHistory$y20th century 606 $aSociology of disability 606 $aSocial & Cultural History$2bicssc 606 $aMEDICAL$xHistory$2bisacsh 610 $adisability 610 $ameasurement 610 $anormalcy 610 $aquantification 610 $atechnology 610 $ainterwar 610 $aclassification 610 $astandardisation 610 $ahistory 610 $amedical humanities 615 0$aPeople with disabilities$xHistory 615 0$aSociology of disability. 615 7$aSocial & Cultural History 615 7$aMEDICAL$xHistory 676 $a362.409042 700 $aMcGuire$b Coreen$01263260 801 0$bUkMaJRU 906 $aBOOK 912 $a9910424953503321 996 $aMeasuring difference, numbering normal$92960414 997 $aUNINA LEADER 05132nam 2200781Ia 450 001 9910788305103321 005 20211008235316.0 010 $a0-8122-0828-5 024 7 $a10.9783/9780812208283 035 $a(CKB)3170000000060367 035 $a(OCoLC)859161182 035 $a(CaPaEBR)ebrary10748634 035 $a(SSID)ssj0001035858 035 $a(PQKBManifestationID)11574477 035 $a(PQKBTitleCode)TC0001035858 035 $a(PQKBWorkID)11033303 035 $a(PQKB)10602923 035 $a(OCoLC)867740156 035 $a(MdBmJHUP)muse24666 035 $a(DE-B1597)449692 035 $a(OCoLC)979904936 035 $a(DE-B1597)9780812208283 035 $a(Au-PeEL)EBL3442202 035 $a(CaPaEBR)ebr10748634 035 $a(CaONFJC)MIL682504 035 $a(MiAaPQ)EBC3442202 035 $a(EXLCZ)993170000000060367 100 $a20121214d2013 uy 0 101 0 $aeng 135 $aurcn||||||||| 181 $ctxt 182 $cc 183 $acr 200 10$aCitizenship and the origins of women's history in the United States$b[electronic resource] /$fTeresa Anne Murphy 205 $a1st ed. 210 $aPhiladelphia $cUniversity of Pennsylvania Press$dc2013 215 $a1 online resource (235 p.) 225 0 $aDemocracy, Citizenship, and Constitutionalism 300 $aBibliographic Level Mode of Issuance: Monograph 311 0 $a1-322-51222-1 311 0 $a0-8122-4489-3 320 $aIncludes bibliographical references and index. 327 $tFront matter --$tContents --$tIntroduction --$tI. Women, History, and Nation --$tChapter 1. Domestic Citizenship and National Progress --$tChapter 2. Revolutionary Responses --$tChapter 3. The Challenges of Radical Reform --$tII. Citizenship and Women's History --$tChapter 4. Women's History and Woman's Rights --$tChapter 5. Domestic Histories --$tChapter 6. Caroline Dall's Usable Past: Women and Equal Citizenship --$tEpilogue --$tNotes --$tIndex --$tAcknowledgments 330 $aWomen's history emerged as a genre in the waning years of the eighteenth century, a period during which concepts of nationhood and a sense of belonging expanded throughout European nations and the young American republic. Early women's histories had criticized the economic practices, intellectual abilities, and political behavior of women while emphasizing the importance of female domesticity in national development. These histories had created a narrative of exclusion that legitimated the variety of citizenship considered suitable for women, which they argued should be constructed in a very different way from that of men: women's relationship to the nation should be considered in terms of their participation in civil society and the domestic realm. But the throes of the Revolution and the emergence of the first woman's rights movement challenged the dominance of that narrative and complicated the history writers' interpretation of women's history and the idea of domestic citizenship. In Citizenship and the Origins of Women's History in the United States, Teresa Anne Murphy traces the evolution of women's history from the late eighteenth century to the time of the Civil War, demonstrating that competing ideas of women's citizenship had a central role in the ways those histories were constructed. This intellectual history examines the concept of domestic citizenship that was promoted in the popular writing of Sarah Josepha Hale and Elizabeth Ellet and follows the threads that link them to later history writers, such as Lydia Maria Child and Carolyn Dall, who challenged those narratives and laid the groundwork for advancing a more progressive woman's rights agenda. As woman's rights activists recognized, citizenship encompassed activities that ranged far beyond specific legal rights for women to their broader terms of inclusion in society, the economy, and government. Citizenship and the Origins of Women's History in the United States demonstrates that citizenship is at the heart of women's history and, consequently, that women's history is the history of nations. 410 0$aDemocracy, citizenship, and constitutionalism. 606 $aWomen$zUnited States$xHistoriography$y19th century 606 $aWomen historians$zUnited States$xHistory$y19th century 606 $aHistoriography$xSocial aspects$zUnited States$xHistory$y19th century 606 $aCitizenship$zUnited States$xHistory$y19th century 610 $aAmerican History. 610 $aAmerican Studies. 610 $aGender Studies. 610 $aPolitical Science. 610 $aPublic Policy. 610 $aWomen's Studies. 615 0$aWomen$xHistoriography 615 0$aWomen historians$xHistory 615 0$aHistoriography$xSocial aspects$xHistory 615 0$aCitizenship$xHistory 676 $a323.3/40973 700 $aMurphy$b Teresa Anne$01475941 801 0$bMiAaPQ 801 1$bMiAaPQ 801 2$bMiAaPQ 906 $aBOOK 912 $a9910788305103321 996 $aCitizenship and the origins of women's history in the United States$93690338 997 $aUNINA